Pays des papes - Statistiques

Statistiques générales
  • Ce quiz a été pris 336 fois
  • Le résultat moyen est 11 sur 15
Statistiques - réponses
n° Papes Pays % Correct
212 Italie / Vatican
100%
16 France
99%
6 Allemagne
95%
2 Espagne
95%
1 Argentine
90%
1 Pologne
89%
1 Portugal
88%
1 Royaume-Uni
77%
3 Grèce
75%
1 Pays-Bas
64%
2 Croatie
46%
2 Turquie
44%
3 Israel
42%
3 Syrie
30%
1 Libye
16%
Aucun quiz correspondant
Distribution des résultats
% des personnes avec chaque résultat
Percentile par nombre de réponses
Votre historique - résultats
Vous n’avez pas pris ce quiz